[Event "Bolduc III - section A"]
[Site "Montreal CAN"]
[Date "2004.04.26"]
[Round "6"]
[White "Rousseau, Daniel"]
[Black "Roy, Guy"]
[Result "1/2-1/2"]
[WhiteElo "2208"]
[BlackElo "2073"]
[PlyCount "41"]
[GameId "2160767911175264"]
[EventDate "2004.03.22"]
[EventType "tourn"]
[EventRounds "9"]
[EventCountry "CAN"]

1. e4 b6 2. Bc4 e6 3. Nc3 Bb7 4. Qe2 c5 5. Nf3 Nc6 6. O-O Nge7 7. d3 Ng6 8. a3 Be7 9. Bd2 O-O 10. Rad1 Bf6 11. Bc1 a6 12. Qe1 Re8 13. Ne2 d5 14. Ba2 dxe4 15. dxe4 Qc7 16. c3 Rad8 17. Rxd8 Rxd8 18. Ng3 Nce5 19. Nxe5 Bxe5 20. Qe2 b5 21. Bb1 1/2-1/2

[Event "Bolduc III - section A"]
[Site "Montreal CAN"]
[Date "2004.04.26"]
[Round "6"]
[White "Tremblay, Alain"]
[Black "Gilman, Arkadiy"]
[Result "0-1"]
[WhiteElo "2061"]
[BlackElo "2218"]
[PlyCount "40"]
[GameId "2160767911175265"]
[EventDate "2004.03.22"]
[EventType "tourn"]
[EventRounds "9"]
[EventCountry "CAN"]

1. e4 e6 2. d4 d5 3. Nd2 Nf6 4. e5 Nfd7 5. Bd3 c5 6. c3 Nc6 7. Ne2 Qb6 8. O-O cxd4 9. cxd4 f6 10. exf6 Nxf6 11. Nf3 Bd6 12. Bf4 Bxf4 13. Nxf4 O-O 14. Re1 Ne4 15. g3 g5 16. Nxg5 Nxg5 17. Qg4 Qd8 18. Nxe6 Bxe6 19. Rxe6 Kh8 20. Ree1 Qf6 0-1

[Event "Bolduc III - section A"]
[Site "Montreal CAN"]
[Date "2004.04.26"]
[Round "6"]
[White "Trottier, Yves"]
[Black "Arsenault, Nicolas"]
[Result "0-1"]
[WhiteElo "2066"]
[BlackElo "2041"]
[PlyCount "66"]
[GameId "2160767911175266"]
[EventDate "2004.03.22"]
[EventType "tourn"]
[EventRounds "9"]
[EventCountry "CAN"]

1. e4 c5 2. Nc3 Nc6 3. g3 g6 4. Bg2 Bg7 5. d3 Rb8 6. f4 b5 7. Nf3 b4 8. Ne2 e6 9. O-O Nge7 10. Nh4 f5 11. g4 O-O 12. Ng3 Nd4 13. g5 d6 14. Nf3 Qc7 15. Nxd4 Bxd4+ 16. Kh1 Bb7 17. Ne2 Bg7 18. c3 bxc3 19. bxc3 Bc6 20. Qc2 Rb6 21. d4 Qb7 22. dxc5 dxc5 23. Ng3 Rd8 24. Ba3 c4 25. Rab1 Rd3 26. Rxb6 axb6 27. Bxe7 Qxe7 28. exf5 Bxg2+ 29. Qxg2 exf5 30. Rb1 Bxc3 31. Rxb6 Rd1+ 32. Nf1 Rxf1+ 33. Qxf1 Qe4+ 0-1

[Event "Bolduc III - section A"]
[Site "Montreal CAN"]
[Date "2004.05.03"]
[Round "7"]
[White "Arsenault, Nicolas"]
[Black "Bolduc, Steve"]
[Result "1/2-1/2"]
[WhiteElo "2041"]
[BlackElo "2243"]
[PlyCount "42"]
[GameId "2160767911175267"]
[EventDate "2004.03.22"]
[EventType "tourn"]
[EventRounds "9"]
[EventCountry "CAN"]

1. e4 c5 2. Nf3 Nc6 3. d4 cxd4 4. Nxd4 g6 5. Nc3 Bg7 6. Be3 Nf6 7. Bc4 O-O 8. Bb3 a5 9. a4 Ng4 10. Qxg4 Nxd4 11. Qh4 Nxb3 12. cxb3 Ra6 13. O-O Re6 14. Rfe1 Bf6 15. Qg3 Bxc3 16. bxc3 Rxe4 17. Bd4 Rxe1+ 18. Rxe1 d6 19. Qe3 Re8 20. Bb6 Qd7 21. Bxa5 Qf5 1/2-1/2

[Event "Bolduc III - section A"]
[Site "Montreal CAN"]
[Date "2004.05.03"]
[Round "7"]
[White "Cazelais, Marc"]
[Black "Tessier, Olivier"]
[Result "1-0"]
[WhiteElo "2211"]
[BlackElo "2173"]
[PlyCount "155"]
[GameId "2160767911175268"]
[EventDate "2004.03.22"]
[EventType "tourn"]
[EventRounds "9"]
[EventCountry "CAN"]

1. e4 c5 2. c3 Nf6 3. e5 Nd5 4. d4 cxd4 5. Nf3 Nc6 6. Bc4 Nb6 7. Bb3 g6 8. cxd4 Bg7 9. O-O d6 10. Bf4 O-O 11. h3 a5 12. Nc3 a4 13. Nxa4 Nxa4 14. Bxa4 Nxd4 15. Qxd4 dxe5 16. Qxd8 Rxd8 17. Bxe5 Rxa4 18. Rfc1 Bxe5 19. Nxe5 Re4 20. Nf3 Re2 21. Re1 Rxb2 22. Rxe7 Kf8 23. Rc7 Be6 24. a4 h6 25. a5 Rd6 26. Rc5 Kg7 27. Rc7 Kf6 28. Rc5 Rb3 29. Kh2 Rb2 30. Kg1 g5 31. Re1 Rd5 32. Rxd5 Bxd5 33. Ra1 Ra2 34. Rxa2 Bxa2 35. Kf1 Ke6 36. Ke2 Kd5 37. g3 Kc5 38. h4 f6 39. hxg5 hxg5 40. Nd2 Bd5 41. f4 g4 42. Ke3 f5 43. Kd3 Be6 44. Kc3 Bf7 45. Kd3 Be8 46. Kc3 Bb5 47. Nb3+ Kd5 48. Nd4 Bd7 49. Kd3 Kc5 50. Kc3 Kd5 51. Kd3 Kc5 52. Kc3 Bc8 53. Nb3+ Kb5 54. Nd4+ Kxa5 55. Kc4 b5+ 56. Kc5 Bd7 57. Kd6 Bc8 58. Kc7 Ba6 59. Nxf5 b4 60. Nd4 Bc4 61. Kd6 b3 62. Nxb3+ Bxb3 63. Ke5 Kb6 64. Kf5 Bd1 65. Ke6 Kc7 66. Ke7 Bc2 67. Ke6 Kd8 68. f5 Bb3+ 69. Kf6 Ke8 70. Kg7 Bc2 71. Kf6 Kf8 72. Kg5 Bd1 73. Kf6 Be2 74. Kg6 Bd1 75. Kf6 Ke8 76. Kg7 Kd7 77. f6 Bb3 78. f7 1-0

[Event "Bolduc III - section A"]
[Site "Montreal CAN"]
[Date "2004.05.03"]
[Round "7"]
[White "Gilman, Arkadiy"]
[Black "Trottier, Yves"]
[Result "1-0"]
[WhiteElo "2218"]
[BlackElo "2066"]
[PlyCount "51"]
[GameId "2160767911175269"]
[EventDate "2004.03.22"]
[EventType "tourn"]
[EventRounds "9"]
[EventCountry "CAN"]

1. d4 d5 2. Nf3 Bf5 3. c4 c6 4. Qb3 b6 5. cxd5 Qxd5 6. Qxd5 cxd5 7. Nc3 e6 8. Nb5 Na6 9. Bf4 Bb4+ 10. Kd1 Nf6 11. a3 Be7 12. e3 Ne4 13. Ke1 O-O 14. Nd2 Rfd8 15. Nxe4 Bxe4 16. Nc3 Nb8 17. Nxe4 dxe4 18. Rc1 g5 19. Bg3 Bd6 20. Bxd6 Rxd6 21. Rc8+ Kg7 22. Ba6 Rc6 23. Rxc6 Nxc6 24. Bb7 Rb8 25. Bxc6 Rc8 26. Ba4 1-0

[Event "Bolduc III - section A"]
[Site "Montreal CAN"]
[Date "2004.05.03"]
[Round "7"]
[White "Lawson, Eric"]
[Black "Rousseau, Daniel"]
[Result "1/2-1/2"]
[WhiteElo "2357"]
[BlackElo "2208"]
[PlyCount "74"]
[GameId "2160767911175270"]
[EventDate "2004.03.22"]
[EventType "tourn"]
[EventRounds "9"]
[EventCountry "CAN"]

1. d4 Nf6 2. Bg5 Ne4 3. Bf4 c5 4. f3 Nf6 5. dxc5 Nc6 6. e4 Qa5+ 7. Qd2 Qxc5 8. Nc3 d6 9. Nge2 Bd7 10. O-O-O Rc8 11. Kb1 Ne5 12. Nd4 Nc4 13. Bxc4 Qxc4 14. e5 dxe5 15. Bxe5 Nd5 16. Ne4 f6 17. Bg3 e5 18. Rhe1 Kf7 19. Nb3 Be6 20. Bxe5 fxe5 21. Ng5+ Kf6 22. Nxe6 Kxe6 23. Re4 Nc3+ 24. bxc3 Qxc3 25. Qxc3 Rxc3 26. Rde1 Bd6 27. Nd4+ Kd7 28. Nb5 Rc5 29. Nxd6 Kxd6 30. Rg4 g6 31. Rg5 Rf8 32. h4 Rf4 33. h5 Rf5 34. Rxf5 gxf5 35. Kb2 Rc4 36. Rd1+ Ke6 37. Rd8 Rh4 1/2-1/2

[Event "Bolduc III - section A"]
[Site "Montreal CAN"]
[Date "2004.05.03"]
[Round "7"]
[White "Roy, Guy"]
[Black "Tremblay, Alain"]
[Result "1/2-1/2"]
[WhiteElo "2073"]
[BlackElo "2061"]
[PlyCount "104"]
[GameId "2160767911175271"]
[EventDate "2004.03.22"]
[EventType "tourn"]
[EventRounds "9"]
[EventCountry "CAN"]

1. g3 Nf6 2. Bg2 g6 3. e4 d6 4. d4 Bg7 5. f4 c6 6. c3 O-O 7. Qc2 e5 8. Ne2 Qb6 9. Nd2 Be6 10. Nf3 Nbd7 11. O-O Rae8 12. Kh1 Bc4 13. Re1 Nxe4 14. fxe5 Bd3 15. Qb3 dxe5 16. Qxb6 axb6 17. dxe5 Nxe5 18. Kg1 Nxf3+ 19. Bxf3 Nc5 20. Bf4 Be4 21. Bxe4 Rxe4 22. Bd6 Rfe8 23. Bxc5 Rxe2 24. Bf2 f5 25. Kf1 Rxe1+ 26. Bxe1 Rd8 27. Ke2 Kf7 28. Bd2 Bf6 29. Rf1 b5 30. h3 h5 31. g4 hxg4 32. hxg4 Re8+ 33. Kf3 Rd8 34. Be3 Rd5 35. Rh1 Bg7 36. gxf5 Rxf5+ 37. Kg4 Re5 38. Rf1+ Ke6 39. Bd4 Re4+ 40. Kf3 Rxd4 41. cxd4 Bxd4 42. b3 Kd5 43. Ke2 c5 44. Kd3 c4+ 45. bxc4+ bxc4+ 46. Kd2 Ke4 47. Re1+ Kf3 48. Rf1+ Bf2 49. Rh1 b5 50. Rh6 g5 51. Rg6 Be3+ 52. Kc3 g4 1/2-1/2

[Event "Bolduc III - section A"]
[Site "Montreal CAN"]
[Date "2004.05.10"]
[Round "8"]
[White "Bolduc, Steve"]
[Black "Gilman, Arkadiy"]
[Result "1-0"]
[WhiteElo "2243"]
[BlackElo "2218"]
[PlyCount "71"]
[GameId "2160767911175272"]
[EventDate "2004.03.22"]
[EventType "tourn"]
[EventRounds "9"]
[EventCountry "CAN"]

1. d4 d5 2. Nf3 Nf6 3. c4 c6 4. e3 e6 5. Nbd2 c5 6. Be2 cxd4 7. exd4 Be7 8. O-O O-O 9. b3 b6 10. Bb2 Bb7 11. Rc1 Nc6 12. Ne5 dxc4 13. Nxc6 Bxc6 14. bxc4 Rc8 15. Bf3 Qd7 16. Qe2 Rfe8 17. Rfd1 Bxf3 18. Nxf3 Qa4 19. a3 Qa6 20. Rc3 Nd7 21. Rdc1 Bf6 22. Re3 Red8 23. h4 Nb8 24. g4 Nc6 25. Re4 Na5 26. g5 Be7 27. d5 Bf8 28. dxe6 fxe6 29. g6 hxg6 30. Ne5 Nb3 31. Qg4 Nc5 32. Qxg6 Qb7 33. Rf4 Rd2 34. Ng4 Nd7 35. Rf7 Rxb2 36. Nf6+ 1-0

[Event "Bolduc III - section A"]
[Site "Montreal CAN"]
[Date "2004.05.10"]
[Round "8"]
[White "Rousseau, Daniel"]
[Black "Cazelais, Marc"]
[Result "0-1"]
[WhiteElo "2208"]
[BlackElo "2211"]
[PlyCount "80"]
[GameId "2160767911175273"]
[EventDate "2004.03.22"]
[EventType "tourn"]
[EventRounds "9"]
[EventCountry "CAN"]

1. e4 g6 2. d4 Bg7 3. Nf3 c6 4. Nc3 d5 5. e5 Bg4 6. h3 Bxf3 7. Qxf3 f6 8. Bf4 Nd7 9. O-O-O fxe5 10. dxe5 Bxe5 11. Bd2 Ngf6 12. Bh6 Qa5 13. Bd3 Bxc3 14. bxc3 O-O-O 15. Rhe1 Rhe8 16. Re6 Nc5 17. Rde1 Nxe6 18. Rxe6 Qxa2 19. Bf4 Ne4 20. Kd1 Nxc3+ 21. Kd2 Ne4+ 22. Ke2 Nd6 23. Qe3 d4 24. Qe5 Qd5 25. Qxd5 cxd5 26. h4 Kd7 27. Re5 e6 28. h5 Rg8 29. hxg6 hxg6 30. Rg5 Nf5 31. Be5 a6 32. g4 Ne7 33. Bxd4 Rc8 34. Bf6 Rcf8 35. Bb2 b5 36. Re5 Nc6 37. Re3 Nb4 38. Rh3 Rf7 39. g5 Nxd3 40. Rxd3 Rc8 0-1

[Event "Bolduc III - section A"]
[Site "Montreal CAN"]
[Date "2004.05.10"]
[Round "8"]
[White "Roy, Guy"]
[Black "Lawson, Eric"]
[Result "0-1"]
[WhiteElo "2073"]
[BlackElo "2357"]
[PlyCount "114"]
[GameId "2160767911175274"]
[EventDate "2004.03.22"]
[EventType "tourn"]
[EventRounds "9"]
[EventCountry "CAN"]

1. e4 c5 2. g3 g6 3. Bg2 Bg7 4. d3 Nc6 5. c3 d6 6. f4 e5 7. Nf3 Nge7 8. O-O O-O 9. Qe2 b6 10. Be3 Ba6 11. Nbd2 f5 12. Ng5 Qd7 13. exf5 gxf5 14. c4 h6 15. Ngf3 exf4 16. Bxf4 Rae8 17. Nh4 Ng6 18. Qh5 Nxh4 19. gxh4 Kh7 20. Nf3 Nd4 21. Ng5+ Kh8 22. Bd5 Ne2+ 23. Kh1 Bb7 24. Nh3 Bxd5+ 25. cxd5 Qf7 26. Qxf7 Rxf7 27. Rae1 Bxb2 28. Bxh6 Bc3 29. Rd1 Re5 30. Rf2 Bd4 31. Rg2 Nc3 32. Rf1 Nxd5 33. Rg6 Rd7 34. Bf4 Re2 35. Bh6 Be5 36. Bf4 Nxf4 37. Nxf4 Rxa2 38. h5 Kh7 39. Rg5 Rf7 40. Ng6 Rxh2+ 41. Kg1 Rxh5 42. Rxh5+ Kxg6 43. Rh3 Bd4+ 44. Kg2 b5 45. Rfh1 Kf6 46. Re1 Rg7+ 47. Kf3 Be5 48. Rf1 a5 49. Rh6+ Ke7 50. Ke2 f4 51. Kf3 a4 52. Ke4 a3 53. Kd5 a2 54. Re6+ Kd7 55. Rxe5 dxe5 56. Ra1 Rg2 57. Kxc5 f3 0-1

[Event "Bolduc III - section A"]
[Site "Montreal CAN"]
[Date "2004.05.10"]
[Round "8"]
[White "Tessier, Olivier"]
[Black "Arsenault, Nicolas"]
[Result "1/2-1/2"]
[WhiteElo "2173"]
[BlackElo "2041"]
[PlyCount "104"]
[GameId "2160767911175275"]
[EventDate "2004.03.22"]
[EventType "tourn"]
[EventRounds "9"]
[EventCountry "CAN"]

1. e4 c5 2. Nf3 d6 3. d4 cxd4 4. Nxd4 Nf6 5. Nc3 Nc6 6. Bg5 e6 7. f4 Be7 8. Nb3 a6 9. Qf3 Qc7 10. g4 b5 11. Bxf6 Bxf6 12. g5 Be7 13. Bd3 b4 14. Ne2 e5 15. h4 exf4 16. Nxf4 Ne5 17. Qg3 Bb7 18. Nd4 g6 19. Rf1 Qc8 20. O-O-O O-O 21. Rh1 Qg4 22. Qh2 Bd8 23. Rdg1 Qd7 24. Rg3 Rc8 25. Kb1 Bb6 26. Nf3 Rc7 27. h5 Nxf3 28. Rxf3 Bd4 29. Rhf1 Rfc8 30. Qh4 Be5 31. Nh3 d5 32. exd5 Bxd5 33. hxg6 hxg6 34. Ng1 Bxf3 35. Nxf3 Bg7 36. Rh1 Re8 37. Qh7+ Kf8 38. Rf1 Qc6 39. Nh4 Re6 40. Nxg6+ Rxg6 41. Bxg6 Rd7 42. Bd3 Qe6 43. Qh4 a5 44. Re1 Qd5 45. Re4 Qc5 46. g6 Qg1+ 47. Re1 Qd4 48. Qxd4 Bxd4 49. Re4 Re7 50. Rxe7 Kxe7 51. a3 fxg6 52. Bxg6 Kd6 1/2-1/2

[Event "Bolduc III - section A"]
[Site "Montreal CAN"]
[Date "2004.05.10"]
[Round "8"]
[White "Tremblay, Alain"]
[Black "Trottier, Yves"]
[Result "1-0"]
[WhiteElo "2061"]
[BlackElo "2066"]
[PlyCount "55"]
[GameId "2160767911175276"]
[EventDate "2004.03.22"]
[EventType "tourn"]
[EventRounds "9"]
[EventCountry "CAN"]

1. c4 e6 2. e4 d5 3. exd5 exd5 4. d4 Nf6 5. Nc3 Bb4 6. cxd5 Nxd5 7. Bd2 O-O 8. Bd3 Re8+ 9. Nge2 Bg4 10. O-O Nc6 11. f3 Be6 12. a3 Ba5 13. Na4 Bxd2 14. Qxd2 Qd6 15. Rac1 Rad8 16. Rfe1 Nf6 17. Bb5 Nxd4 18. Qxd4 c6 19. Bxc6 bxc6 20. Qxa7 Qb8 21. Qxb8 Rxb8 22. Nd4 Bd7 23. Rxe8+ Bxe8 24. Rc2 Kf8 25. Kf2 Ra8 26. Nc5 Nd5 27. Ne4 Ne7 28. g3 1-0

[Event "Bolduc III - section A"]
[Site "Montreal CAN"]
[Date "2004.??.??"]
[Round "9"]
[White "Gilman, Arkadiy"]
[Black "Tessier, Olivier"]
[Result "1-0"]
[WhiteElo "2235"]
[BlackElo "2141"]
[PlyCount "115"]
[GameId "2160767911175278"]
[EventDate "2004.03.22"]
[EventType "tourn"]
[EventRounds "9"]
[EventCountry "CAN"]
[SourceTitle "EXT 2006"]
[Source "ChessBase"]
[SourceDate "2005.11.24"]
[SourceVersion "1"]
[SourceVersionDate "2005.11.24"]
[SourceQuality "1"]

1. d4 Nf6 2. c4 c5 3. d5 b5 4. Nd2 bxc4 5. e4 c3 6. bxc3 d6 7. Bb5+ Bd7 8. Bc4 g6 9. Ngf3 Bg7 10. e5 dxe5 11. Nxe5 O-O 12. O-O Bc8 13. Nb3 Ne4 14. Bf4 g5 15. Qd3 f5 16. Nc6 Nxc6 17. dxc6+ e6 18. Qxd8 Rxd8 19. Bc7 Re8 20. Rac1 a5 21. f3 Nxc3 22. Rfe1 Nxa2 23. Rcd1 Nb4 24. Nxc5 Nxc6 25. Bb5 Bf8 26. Bxc6 Bxc5+ 27. Kh1 Bb7 28. Bxe8 Rxe8 29. Bxa5 Kf7 30. Rd7+ Re7 31. Red1 Bd5 32. Rxe7+ Bxe7 33. Bc3 h5 34. Kg1 g4 35. f4 Bd6 36. g3 h4 37. Be5 Bc5+ 38. Bd4 Bd6 39. Ra1 h3 40. Ra7+ Ke8 41. Kf2 Kd8 42. Ke3 Kc8 43. Bb6 Bb4 44. Kd3 Kb8 45. Rh7 Be1 46. Ba7+ Ka8 47. Be3 Kb8 48. Kd4 Bb4 49. Ke5 Kc8 50. Bb6 Bc3+ 51. Kd6 Bb4+ 52. Bc5 Be1 53. Rh8+ Kb7 54. Kd7 Bd2 55. Bg1 Bc4 56. Rh6 e5 57. Rb6+ Ka8 58. Kc8 1-0

[Event "Bolduc III - section A"]
[Site "Montreal CAN"]
[Date "2004.05.17"]
[Round "9"]
[White "Arsenault, Nicolas"]
[Black "Rousseau, Daniel"]
[Result "1/2-1/2"]
[WhiteElo "2041"]
[BlackElo "2208"]
[PlyCount "154"]
[GameId "2160767911175280"]
[EventDate "2004.03.22"]
[EventType "tourn"]
[EventRounds "9"]
[EventCountry "CAN"]

1. e4 e5 2. Nf3 Nc6 3. Bb5 a6 4. Bxc6 dxc6 5. O-O Qd6 6. Na3 b5 7. c3 Bg4 8. Re1 Ne7 9. Nc2 Rd8 10. a4 c5 11. axb5 axb5 12. Qe2 c6 13. d4 Bxf3 14. dxe5 Qd1 15. gxf3 Qxe2 16. Rxe2 Ng6 17. Bg5 Rc8 18. Ra7 Nxe5 19. Ne1 f6 20. Be3 Rd8 21. Rd2 Rxd2 22. Bxd2 Be7 23. Ra8+ Bd8 24. b3 O-O 25. f4 Nd7 26. Rc8 c4 27. bxc4 Nb6 28. Rxc6 Nxc4 29. Be3 Re8 30. Rc8 Nd6 31. Rb8 Kf7 32. e5 Bc7 33. Rxe8 Nxe8 34. Nf3 Ba5 35. Nd4 Nc7 36. e6+ Nxe6 37. Nxb5 f5 38. Kf1 g5 39. fxg5 f4 40. Bc1 Kg6 41. Ke2 Kxg5 42. Kf3 Bb6 43. Nd6 Bc7 44. Ne4+ Kf5 45. Ba3 Ke5 46. Be7 h6 47. h4 Bd8 48. Bxd8 Nxd8 49. Nc5 Kf5 50. Nb3 h5 51. Nd4+ Ke5 52. Ne2 Ne6 53. c4 Kf5 54. c5 Nxc5 55. Nxf4 Nb3 56. Nxh5 Nd4+ 57. Kg3 Ne2+ 58. Kh3 Nc3 59. f3 Nd5 60. Kg3 Ne3 61. Kf2 Ng4+ 62. Kg3 Ne3 63. Ng7+ Kf6 64. Ne8+ Ke5 65. f4+ Kf5 66. h5 Nd5 67. Nd6+ Kf6 68. Nb5 Kf5 69. Nd4+ Kf6 70. Kf3 Kg7 71. Kg4 Nf6+ 72. Kg5 Ne4+ 73. Kf5 Ng3+ 74. Kg4 Ne4 75. Ne6+ Kh6 76. Nd4 Nf6+ 77. Kh4 Nxh5 1/2-1/2

[Event "Bolduc III - section A"]
[Site "Montreal CAN"]
[Date "2004.05.17"]
[Round "9"]
[White "Trottier, Yves"]
[Black "Bolduc, Steve"]
[Result "1/2-1/2"]
[WhiteElo "2066"]
[BlackElo "2243"]
[PlyCount "32"]
[GameId "2160767911175283"]
[EventDate "2004.03.22"]
[EventType "tourn"]
[EventRounds "9"]
[EventCountry "CAN"]

1. e4 c6 2. d4 d5 3. exd5 cxd5 4. c4 Nf6 5. Nc3 g6 6. Qb3 Bg7 7. cxd5 O-O 8. Be2 Nbd7 9. Bf3 Nb6 10. Nge2 Bf5 11. d6 exd6 12. Bxb7 Rb8 13. Bf3 Nbd5 14. Qa4 Nb4 15. O-O Nc2 16. Rb1 Nb4 1/2-1/2

[Event "Bolduc III - section B"]
[Site "Montreal CAN"]
[Date "2004.03.22"]
[Round "1"]
[White "Charbonneau, Anne-Marie"]
[Black "Robidas, Francois"]
[Result "0-1"]
[WhiteElo "2048"]
[BlackElo "1995"]
[PlyCount "92"]
[GameId "2160767911175284"]
[EventDate "2004.03.22"]
[EventType "tourn"]
[EventRounds "9"]
[EventCountry "CAN"]
[SourceTitle "EXT 2006"]
[Source "ChessBase"]
[SourceDate "2005.11.24"]
[SourceVersion "1"]
[SourceVersionDate "2005.11.24"]
[SourceQuality "1"]

1. d4 d5 2. c4 e6 3. Nc3 c5 4. cxd5 exd5 5. Nf3 Nc6 6. g3 Bg4 7. Bg2 Be7 8. O-O Nf6 9. Be3 cxd4 10. Nxd4 O-O 11. Rc1 Qd7 12. Nb3 Rad8 13. Nb5 a6 14. N5d4 Ne5 15. Nc5 Bxc5 16. Rxc5 Bh3 17. Bg5 Bxg2 18. Kxg2 Qd6 19. Rc2 Rfe8 20. Qc1 h6 21. Bd2 Nc4 22. Bf4 Qe7 23. Rd1 Nh5 24. Kg1 Qe4 25. Bc7 Rd7 26. b3 Rxc7 27. bxc4 Rec8 28. c5 Nf6 29. Qb2 Nd7 30. Rdc1 Ne5 31. Nb3 b6 32. Nd2 Qf5 33. Qxb6 Rc6 34. Qb4 Rf6 35. f3 Nc6 36. Qc3 d4 37. Qc4 Re8 38. Ne4 Rxe4 39. fxe4 Qf2+ 40. Kh1 Ne5 41. Qb3 Ng4 42. e3 Qf3+ 43. Rg2 Nf2+ 44. Kg1 Nh3+ 45. Kh1 Qf1+ 46. Rg1 Nf2# 0-1

[Event "Bolduc III - section B"]
[Site "Montreal CAN"]
[Date "2004.03.22"]
[Round "1"]
[White "Corriveau, Philippe"]
[Black "Barre, Michel"]
[Result "0-1"]
[WhiteElo "2038"]
[BlackElo "1947"]
[PlyCount "95"]
[GameId "2160767911175285"]
[EventDate "2004.03.22"]
[EventType "tourn"]
[EventRounds "9"]
[EventCountry "CAN"]

1. e4 c5 2. Nc3 Nc6 3. g3 g6 4. Bg2 Bg7 5. d3 d6 6. f4 e6 7. Nf3 Nge7 8. O-O O-O 9. Be3 Nd4 10. e5 Bd7 11. Ne4 Nef5 12. Bf2 Nxf3+ 13. Bxf3 Bc6 14. c3 dxe5 15. fxe5 Bxe5 16. Nxc5 Bxf3 17. Qxf3 b6 18. Ne4 Nd6 19. Be3 Nxe4 20. Qxe4 Qd5 21. Qxd5 exd5 22. Bh6 Rfe8 23. Rae1 d4 24. c4 f5 25. Rf2 Bg7 26. Rxe8+ Rxe8 27. Bd2 Re5 28. Kf1 Kf7 29. Re2 Ke6 30. Bf4 Rxe2 31. Kxe2 Be5 32. Bh6 a5 33. b3 Bd6 34. Kf3 Kf6 35. h4 Kf7 36. Bf4 Bc5 37. Bc7 Ke6 38. g4 Kd7 39. Bb8 Ke6 40. Kf4 fxg4 41. Kxg4 h6 42. Bf4 Bf8 43. Bc7 Bc5 44. Bf4 Bf8 45. Bb8 Be7 46. Bg3 Bd8 47. Be1 Be7 48. Kf4 0-1

[Event "Bolduc III - section B"]
[Site "Montreal CAN"]
[Date "2004.03.22"]
[Round "1"]
[White "Falardeau, Bruno"]
[Black "Gagnon, Michel"]
[Result "0-1"]
[WhiteElo "2008"]
[BlackElo "2070"]
[PlyCount "56"]
[GameId "2160767911175286"]
[EventDate "2004.03.22"]
[EventType "tourn"]
[EventRounds "9"]
[EventCountry "CAN"]
[SourceTitle "EXT 2006"]
[Source "ChessBase"]
[SourceDate "2005.11.24"]
[SourceVersion "1"]
[SourceVersionDate "2005.11.24"]
[SourceQuality "1"]

1. e4 c5 2. Nc3 d6 3. Bb5+ Nc6 4. f4 g6 5. Nf3 Bg7 6. O-O Nf6 7. d3 O-O 8. Ne2 Qb6 9. Bxc6 Qxc6 10. Ng3 c4 11. Kh1 Bg4 12. h3 Bxf3 13. Qxf3 Nd7 14. c3 cxd3 15. Qxd3 Rac8 16. Be3 Nb6 17. Bd4 Bxd4 18. Qxd4 Qc4 19. Qd2 Qc5 20. f5 Nc4 21. Qh6 Qe5 22. f6 exf6 23. Nf5 gxf5 24. Rxf5 Qg3 25. Qxf6 Rc5 26. Rf4 Rg5 27. Rg1 Rg6 28. Qf5 Ne3 0-1

[Event "Bolduc III - section B"]
[Site "Montreal CAN"]
[Date "2004.03.22"]
[Round "1"]
[White "Laframboise, Marc-Andre"]
[Black "Libersan, Thierry"]
[Result "1-0"]
[WhiteElo "2137"]
[BlackElo "2080"]
[PlyCount "55"]
[GameId "2160767911175287"]
[EventDate "2004.03.22"]
[EventType "tourn"]
[EventRounds "9"]
[EventCountry "CAN"]

1. d4 Nf6 2. c4 e6 3. Nc3 d5 4. cxd5 exd5 5. Bg5 Nbd7 6. e3 Be7 7. Bd3 c6 8. Qc2 Nf8 9. Nf3 Ng6 10. h3 Be6 11. O-O-O Rc8 12. Kb1 O-O 13. Ne5 c5 14. f4 cxd4 15. exd4 Ne4 16. Bxe4 dxe4 17. d5 Bd7 18. Nxd7 Qxd7 19. Bxe7 Nxe7 20. Qxe4 Nf5 21. g4 Ng3 22. Qf3 Nxh1 23. Qxh1 f5 24. d6 fxg4 25. hxg4 Qxg4 26. Nd5 Kh8 27. Ne7 Rcd8 28. Qxh7+ 1-0

[Event "Bolduc III - section B"]
[Site "Montreal CAN"]
[Date "2004.03.29"]
[Round "2"]
[White "Barre, Michel"]
[Black "Charbonneau, Anne-Marie"]
[Result "1/2-1/2"]
[WhiteElo "1947"]
[BlackElo "2086"]
[PlyCount "83"]
[GameId "2160767911175289"]
[EventDate "2004.03.22"]
[EventType "tourn"]
[EventRounds "9"]
[EventCountry "CAN"]

1. d4 d5 2. Nf3 e6 3. e3 Nf6 4. Bd3 b6 5. Nbd2 Bb7 6. b3 c5 7. Bb2 Be7 8. O-O O-O 9. Ne5 Nbd7 10. f4 Ne4 11. Rf3 f5 12. Rh3 Nxe5 13. dxe5 Nxd2 14. Qxd2 g6 15. Be2 Rf7 16. g4 Rg7 17. Rd1 Qc7 18. c4 dxc4 19. bxc4 Rd8 20. Qe1 Rxd1 21. Qxd1 Qd8 22. gxf5 gxf5+ 23. Rg3 Qxd1+ 24. Bxd1 Bc6 25. a4 a6 26. Rxg7+ Kxg7 27. Kf2 Bh4+ 28. Ke2 Kg6 29. Bc3 Bd8 30. Kf2 Be4 31. Kg3 Bd3 32. Bb3 Be2 33. Kf2 Bg4 34. Bc2 Bh4+ 35. Kf1 Bh3+ 36. Kg1 h6 37. a5 Bd8 38. axb6 Bxb6 39. Ba4 Bg4 40. Kf2 Kf7 41. Bc2 Kg6 42. Ba4 1/2-1/2

[Event "Bolduc III - section B"]
[Site "Montreal CAN"]
[Date "2004.03.29"]
[Round "2"]
[White "Falardeau, Bruno"]
[Black "Corriveau, Philippe"]
[Result "0-1"]
[WhiteElo "1969"]
[BlackElo "2038"]
[PlyCount "82"]
[GameId "2160767911175290"]
[EventDate "2004.03.22"]
[EventType "tourn"]
[EventRounds "9"]
[EventCountry "CAN"]

1. e4 c6 2. d4 d5 3. Nc3 dxe4 4. Nxe4 Nf6 5. Nxf6+ exf6 6. Bc4 Qe7+ 7. Qe2 Be6 8. Bxe6 Qxe6 9. Bf4 Be7 10. O-O-O Qxa2 11. Re1 Qa1+ 12. Kd2 Qa5+ 13. c3 Qd8 14. h4 c5 15. Qb5+ Nc6 16. Qxc5 O-O 17. Qb5 Nxd4 18. cxd4 Qxd4+ 19. Kc2 Qxf4 20. Rxe7 Rac8+ 21. Kb1 Qc1+ 22. Ka2 a6 23. Qb4 Rc4 24. Nf3 Qf4 25. g3 Qxf3 26. Qxc4 Qxh1 27. Qc7 Qd5+ 28. Ka1 Rd8 29. Re1 h6 30. Rc1 b5 31. Rc6 Qd1+ 32. Rc1 Qa4+ 33. Kb1 Qe4+ 34. Ka2 Rd4 35. Rc3 Ra4+ 36. Kb3 Qd5+ 37. Kc2 Ra1 38. Rd3 Qe4 39. Qd8+ Kh7 40. Qd7 b4 41. f3 Qc4+ 0-1

[Event "Bolduc III - section B"]
[Site "Montreal CAN"]
[Date "2004.03.29"]
[Round "2"]
[White "Gagnon, Michel"]
[Black "Thomas, William"]
[Result "1/2-1/2"]
[WhiteElo "2070"]
[BlackElo "1998"]
[PlyCount "115"]
[GameId "2160767911175291"]
[EventDate "2004.03.22"]
[EventType "tourn"]
[EventRounds "9"]
[EventCountry "CAN"]
[SourceTitle "EXT 2006"]
[Source "ChessBase"]
[SourceDate "2005.11.24"]
[SourceVersion "1"]
[SourceVersionDate "2005.11.24"]
[SourceQuality "1"]

1. e4 Nf6 2. e5 Nd5 3. d4 d6 4. Nf3 Bg4 5. Be2 Nc6 6. O-O g6 7. c4 Nb6 8. exd6 cxd6 9. Nbd2 Bg7 10. h3 Bf5 11. d5 Nb4 12. a3 Bc2 13. Qe1 Nd3 14. Bxd3 Bxd3 15. Qe3 Bxf1 16. Kxf1 Rc8 17. Rb1 O-O 18. b3 Qc7 19. Qd3 Nd7 20. Bb2 Bxb2 21. Rxb2 b5 22. Qe3 Qb6 23. Qh6 f6 24. Qh4 bxc4 25. Nxc4 Qb5 26. Qe4 Nb6 27. Qe6+ Kh8 28. Rd2 Nxc4 29. bxc4 Rxc4 30. Kg1 Qb1+ 31. Kh2 Qe4 32. Qxe4 Rxe4 33. Nd4 Rb8 34. Kg3 Kg7 35. Rd3 f5 36. f3 Re1 37. h4 Rb2 38. Rc3 Rd1 39. Ne6+ Kf6 40. Nf4 Ra2 41. Rc8 Rxa3 42. Rf8+ Ke5 43. Rf7 Ra4 44. Rxe7+ Kf6 45. Re6+ Kf7 46. Rxd6 Rdd4 47. Ne6 Rxh4 48. Nc5 Rac4 49. Rd7+ Ke8 50. Rxa7 g5 51. Ne6 f4+ 52. Kf2 Rc2+ 53. Kg1 Rc1+ 54. Kf2 Rhh1 55. Ke2 Rhd1 56. Rxh7 Ra1 57. Rg7 Rxd5 58. Nc7+ 1/2-1/2